Statistics for Japanese Car Logos

Click here to take the quiz!

General Stats

  • This quiz has been taken 49 times
  • The average score is 11 of 15

Answer Stats

Answer% Correct
Nissan
100%
Honda
98%
Subaru
98%
Toyota
98%
Lexus
96%
Mazda
93%
Mitsubishi
93%
Suzuki
93%
Acura
78%
Infiniti
72%
Scion
67%
Daihatsu
54%
Hino
26%
Datsun
24%
Mitsuoka
17%

Score Distribution

Percentile by Number Answered

Percent of People with Each Score

Your Score History

You have not taken this quiz